LOC Classification - D - Statistics

General Stats
  • This quiz has been taken 6 times
  • The average score is 14 of 21
Answer Stats
Subclass Answer % Correct
DT Africa
100%
DS Asia
100%
DB Austria - Liechtenstein - Hungary - Czechoslovakia
100%
DC France - Andorra - Monaco
100%
DD Germany
100%
DA Great Britain
100%
DF Greece
100%
DG Italy - Malta
100%
DL Northern Europe, Scandinavia
100%
DU Oceania (South Seas)
100%
DK Russia, Soviet Union, Former Soviet Republics - Poland
100%
DP Spain - Portugal
100%
D History (General)
50%
DJ Netherlands (Holland)
50%
DQ Switzerland
50%
DR Balkan Peninsula
0%
DAW Central Europe
0%
DJK Eastern Europe (General)
0%
DE Greco-Roman World
0%
DH Low Countries - Benelux Countries
0%
DX Romanies
0%
No matching quizzes found
Score Distribution
Percent of People with Each Score
Percentile by Number Answered
Your Score History
You have not taken this quiz